ბათუმის შოთა რუსთაველის სახელმწიფო უნივერსიტეტის ბიბლიოთეკა

ქართველოლოგიის აქტუალური პრობლემები=Actual Problems of Kartvelology. APK. II (ბიბ.ჩანაწერი № 43404)

000 -LEADER
fixed length control field 01387nam a2200217Ia 4500
001 - CONTROL NUMBER
control field 10132
003 - CONTROL NUMBER IDENTIFIER
control field GE_BSU
008 - FIXED-LENGTH DATA ELEMENTS--GENERAL INFORMATION
fixed length control field 181216s||||||||xx |||||||||||||| ||und||
040 ## - CATALOGING SOURCE
Transcribing agency GE_BSU
080 ## - UNIVERSAL DECIMAL CLASSIFICATION NUMBER
Universal Decimal Classification number 908(479.22)
245 ## - TITLE STATEMENT
Title ქართველოლოგიის აქტუალური პრობლემები=Actual Problems of Kartvelology. APK. II
245 ## - TITLE STATEMENT
Statement of responsibility, etc. სარედ.კოლ. მიტროპოლიტი ანანია(ჯაფარიძე),სვეტა ადამია და სხვა
260 ## - PUBLICATION, DISTRIBUTION, ETC.
Place of publication, distribution, etc. თბილისი
260 ## - PUBLICATION, DISTRIBUTION, ETC.
Name of publisher, distributor, etc. შპს"მეგობრობა
260 ## - PUBLICATION, DISTRIBUTION, ETC.
Date of publication, distribution, etc. 2013
300 ## - PHYSICAL DESCRIPTION
Extent 179გვ.23სმ.
520 ## - SUMMARY, ETC.
Summary, etc. დაბეჭდილია საქ–ს საპატრიარქოსთან არსებული ახალგაზრდობის სულიერი და ინტელექტ. განვით. ცენტრის და საქ. საპატრიარქოს წმინდა ანდრია პირველწოდ.სახ.ქართ.უნ–ტის ქართველოლოგიის ცენტრის მიერ.
653 ## - INDEX TERM--UNCONTROLLED
Uncontrolled term ქართველოლოგია
653 ## - INDEX TERM--UNCONTROLLED
Uncontrolled term ქართველოლოგიის აქტუალური პრობლემები
942 ## - ADDED ENTRY ELEMENTS (KOHA)
Koha item type წიგნი
ეგზემპლარები
Withdrawn status Lost status Damaged status Not for loan Date acquired Barcode Date last seen Price effective from Koha item type
        2018-12-17 18700 2018-12-17 2018-12-17 წიგნი